00732nam a2200181 i 450000100060000000300090000600500170001500700030003200800410003510000480007624500980012426001160022230000220033870000330036085200210039399900170041495201190043188713ES-MaACL20231226145006.0t|050105s1930 sp ||||1| spa d1 aLarra, Mariano José de,d1809-183797028714aLos mejores artículos de Larra / ccon una nota a modo de prólogo por Alberto de Segovia. aMadrid : bCompañía Ibero-Americana de Publicaciones, c[1930] (fCompañía General de Artes Gráficas) a267 p. ; c19 cm.1 aSegovia, Alberto de.9105139 aES-MaACLjB-6437 c88713d88713 00104070aATENEOMbATENEOMcSPBd2008-01-17eSCl0oB-6437p1092662r2023-02-23 00:00:00w2023-02-23yMONOGRAFIA